NFL - 2025 Detroit Lions Roster - Statistics

General Stats
  • This quiz has been taken 495 times
  • The average score is 14 of 23
Answer Stats
Hint Answer % Correct
QB Jared Goff
100%
WR Amon-Ra St. Brown
99%
RB Jahmyr Gibbs
99%
RB David Montgomery
96%
WR Jameson Williams
96%
TE Sam LaPorta
93%
RT Penei Sewell
83%
NB Brian Branch
71%
C Frank Ragnow
69%
WR Tim Patrick
69%
FS Kerby Joseph
67%
CB Terrion Arnold
61%
LB Alex Anzalone
58%
MLB Jack Campbell
55%
LT Taylor Decker
55%
DE Za'Darius Smith
46%
LG Graham Glasgow
40%
RG Kevin Zeitler
37%
DT D.J. Reader
35%
CB Amik Robertson
32%
SS Ifeatu Melifonwu
17%
DE Josh Paschal
17%
DT Levi Onwuzurike
10%
No matching quizzes found
Score Distribution
Percent of People with Each Score
Percentile by Number Answered
Your Score History
You have not taken this quiz